| 000 | 00520nam a22001577a 4500 | ||
|---|---|---|---|
| 999 |
_c60658 _d60658 |
||
| 005 | 20231004102045.0 | ||
| 008 | 231004s1964 enk||||| |||| 00| 0 eng d | ||
| 041 | _aeng | ||
| 080 | _a069 M-78 | ||
| 100 |
_aMohamed, Ahmed Ragab _919987 |
||
| 245 |
_aLights on the Royal Mummies in the Egyptian Museum : _bA Handbook for Tourists / _cAhmed Ragab Mohamed. |
||
| 264 |
_a Cairo, _c1964. |
||
| 300 |
_a194 p. ; _bill. _c16 cm. |
||
| 653 | _a ეგვიპტის სამეფო მუმიებi | ||
| 942 |
_2udc _cBK |
||